00848nam a2200253Ia 450000500170000000800410001702000150005804100080007310000280008124500910010925000220020030000260022253400310024865000250027965000360030465000290034070000450036926400460041433600270046033700330048733800280052004000350054808400110058320220316235756.0121119s2002 ck gr 000 f spa  a95880895571 aspa1 aWilde, Oscard1854-190013aEl retrato de Dorian GraycOscar Wilde ; traducción de José Luis López Múñoz aPrimera edición a253 páginas c21 cm tThe picture of Dorian Gray14aNovela inglesa2LEMB14aBelleza personal vNovela2LEMB14aLiteratura inglesa2LEMB1 aLópez Muñoz, José Luis etraductor aBogotá bCasa Editorial El Tiempoc2002 atextobtxt2rdacontent asin mediaciónbn2rdamedia avolumenbnc2rdacarrier aCO-BoRNBPbspaerdacCO-BoRNBP aN WIL1